000 00343nam a2200121Ia 4500
008 240731s9999 xx 000 0 und d
022 _a1479-7801
245 0 _aImago Mundi : The International Journal for the History of Cartography
260 _bRoutledge
856 _uhttps://www.tandfonline.com/loi/rimu20
942 _2ddc
942 _cTFEJ
999 _c76923
_d76923
945 _a1
_bMadushi Gamage
_c1
_dMadushi Gamage